Insectos y otros enemigos de la quinta /
Guardado en:
| Autor Principal: | |
|---|---|
| Formato: | Libro |
| Publicado: |
Buenos Aires :
Sudamericana,
1944
|
| Edición: | 2a. ed. |
| Materias: | |
| Etiquetas: |
Agregar Etiqueta
Sin Etiquetas, Sea el primero en etiquetar este registro!
|
| LEADER | 00688nam a22002175a 4500 | ||
|---|---|---|---|
| 001 | CEM.cems015967 | ||
| 005 | 20100824163704.0 | ||
| 008 | 130507s1944##################000#0#####d | ||
| 003 | CEMS | ||
| 082 | 0 | 4 | |a 632.7 |
| 100 | 1 | |a Lizer y Trelles, Carlos A | |
| 245 | 1 | 0 | |a Insectos y otros enemigos de la quinta / |c Carlos A Lizer y Trelles, |
| 250 | |a 2a. ed. | ||
| 260 | |a Buenos Aires : |b Sudamericana, |c 1944 | ||
| 300 | |a 217 p. | ||
| 653 | |a Agricultura | ||
| 653 | |a Horticultura-plagas | ||
| 653 | |a Plagas agrícolas | ||
| 653 | |a Zoología agrícola | ||
| 859 | |a CEMS |b BIB. CEMS - Agricultura |h 632.7 |i L768a2 |p A15979.90 |t Ej.1 | ||
| 859 | |a CEMS |b BIB. CEMS - Agricultura |h 632.7 |i L768a2 |p A1854.13 |t Ej.2 | ||
